000 00849cam a22002534a 4500
001 12298957
005 20180312044557.0
008 010205s2001 nju b 001 0 eng
010 _a 2001021017
020 _a0691086923
020 _a0691086931 (pbk.)
040 _aDLC
_cDLC
_dDLC
041 _aeng
042 _apcc
080 _a323.601 CIT
082 0 0 _a323.601 CIT
_221
100 1 _a24
101 _aFIL
245 1 0 _aSocratic citizenship /
_cDana Villa.
504 _aIncludes bibliographical references (p. 311-354) and index.
906 _a7
_bcbc
_corignew
_d1
_eocip
_f20
_gy-gencatlg
942 _2ddc
_cBK
999 _c44671
_d44671